Click the Capitals: Q-R Quiz Stats

Quiz Updated Jan 25, 2018

Challenge
Share
Tweet
Score 0/8 Timer 02:00
3 Plays Today
% Correct
Rome
97.6%
Reykjavik
95.3%
Quito
92.5%
Riga
91.2%
Riyadh
89.5%
Roseau
87.4%
Ramallah
87%
Rabat
81.7%

You're not logged in!

Compare scores with friends on all Sporcle quizzes.
Sign Up with Email
OR
Log In

You Might Also Like...

Show Comments

Extras

Top Quizzes Today


Score Distribution

Your Account Isn't Verified!

In order to create a playlist on Sporcle, you need to verify the email address you used during registration. Go to your Sporcle Settings to finish the process.

Report this User

Report this user for behavior that violates our Community Guidelines.

Details: